=LDR 00000nam 2200000 4500 =001 INLIS000000000034631 =005 20130612140529 =008 ***********************************ind** =035 ##$$0010-061300000034631 =041 ##$$a ind =082 ##$$a 813 =090 ##$$a 813, Umr,h =100 ##$$a Umres, Nora =245 ##$$a Hidup Love Is Blind, Nora Umres =260 ##$$a 2006 $b Jakarta =300 ##$$a 224 hlm., 20 cm =650 ##$$a Fiksi Dewasa Indonesia =850 ##$$a NBPNMAT